LEADER 01042nam0-22003251i-450- 001 990002902140403321 005 20080514141546.0 035 $a000290214 035 $aFED01000290214 035 $a(Aleph)000290214FED01 035 $a000290214 100 $a20030910d1999----km-y0itay50------ba 101 0 $aita 200 1 $aEvoluzione dei sistemi locali e conservazione nei parchi naturali$fAntonio G. Calafati 210 $aAncona$cUniversità degli studi di Ancona$d1999 215 $a48 p.$d21 cm 225 1 $aQuaderni di ricerca$fUniversità degli studi di Ancona, Dipartimento di economia$v116 610 0 $aEconomia 610 0 $aParchi naturali$aamministrazione pubblica 676 $a350.86 700 1$aCalafati,$bAntonio G.$0117571 801 0$aIT$bUNINA$gRICA$2UNIMARC 901 $aBK 912 $a990002902140403321 952 $aXXVI-C-104$b7098$fMAS 952 $aPaper$fSES 959 $aMAS 959 $aSES 996 $aEvoluzione dei sistemi locali e conservazione nei parchi naturali$9466488 997 $aUNINA LEADER 03679nam 22005173 450 001 9910888074303321 005 20251116150228.0 010 $a9783428573943 010 $a3428573943 035 $a(CKB)5690000000011524 035 $a(MiAaPQ)EBC7101329 035 $a(Au-PeEL)EBL7101329 035 $a(OCoLC)1347025637 035 $a(Exl-AI)7101329 035 $a(EXLCZ)995690000000011524 100 $a20221219d2022 uy 0 101 0 $ager 135 $aurcnu|||||||| 181 $ctxt$2rdacontent 182 $cc$2rdamedia 183 $acr$2rdacarrier 200 14$aDie Gemeindebetriebe in Den Städten, Kreisen und Landgemeinden des Oberschlesischen Industriebezirks $eGemeindebetriebe - Neuere Versuche und Erfahrungen über Die Ausdehnung der Kommunalen Tätigkeit in Deutschland und Im Ausland. II. Band, 10. Teil. Im Auftr. des Ver. Für Socialpol. Hrsg. Von Carl J. Fuchs. (Schriften des Vereins Für Socialpolitik 129-X) 205 $a1st ed. 210 1$aBerlin :$cDuncker & Humblot,$d2022. 210 4$d©1910. 215 $a1 online resource (92 pages) 225 1 $aDuncker & Humblot reprints 311 08$a9783428173945 311 08$a3428173945 327 $aVorwort -- Inhalt -- I. Wirtschaftliche und kommunale Verhältnisse des Industriebezirks -- II. Die Träger des Munizipalsozialismus -- III. Das System des Munizipalsozialismus -- a) Betriebe zur Befriedigung des Konsums -- 1. Gaswerke -- 2. Wasserversorgung -- 3. Elektrizitätsversorgung -- 4. Märkte, Markthallen -- b) Betriebe zur Befriedigung des Kredits -- 5. Sparkassen -- 6. Kreisbanken -- 7. Leihhäuser -- c) Betriebe im Dienste des Verkehrs -- 8. Kleinbahnen -- d) Betriebe im Dienste der Gesundheitspflege -- 9. Schlachthöfe -- 10. Kanäle, Müllverbrennung -- e) Betriebe im Dienste der Polizei und der öffentlichen Sicherheit -- 11. Kommunale Wach- und Schließanstalten -- 12. Polizeibauämter -- f) Betriebe zur Förderung der Landwirtschaft -- 13. Betriebe zur Hebung der Viehzucht -- 14. Kreisbaumschule -- 15. Kreisviehversicherung -- g) Betriebe im Dienste der Kunst und der Volksbildung -- 16. Theater, Volksheime -- h) Grundeigentum -- 17. Bodenpolitik$7Generated by AI. 330 $aThis book presents a detailed examination of the socio-economic and administrative structures of urban and rural communities in Germany, particularly focusing on the early 20th century. It discusses the roles and responsibilities of municipalities, the impact of industrialization, and the political dynamics affecting municipal governance. The author aims to explore the challenges and developments in local administration, emphasizing the influence of growing urban populations and the industrial workforce on political processes. The book is intended for scholars and policymakers interested in social policy, urban studies, and historical governance structures.$7Generated by AI. 410 0$aDuncker & Humblot reprints 517 $aGemeindebetriebe in den Städten, Kreisen und Landgemeinden des Oberschlesischen Industriebezirks 606 $aLocal government$zGermany$7Generated by AI 606 $aMunicipal government$zGermany$7Generated by AI 615 0$aLocal government 615 0$aMunicipal government 700 $aFuchs$b Carl Johannes$0148514 701 $aLücker$b Heinrich$01769596 801 0$bMiAaPQ 801 1$bMiAaPQ 801 2$bMiAaPQ 906 $aBOOK 912 $a9910888074303321 996 $aDie Gemeindebetriebe in den Städten, Kreisen und Landgemeinden des Oberschlesischen Industriebezirks$94241374 997 $aUNINA